The noble scholar, jurist, historian


 His Excellency Dr. Abdul Wahhab bin Ibrahim Abu Sulaiman, may Allah have mercy on him.


 He was born in Umm Al-Qura in the year 1356 AH.

مقاصد سورة البقرة / (Record no. 14500)

MARC details
000 -LEADER
fixed length control field 00937caa a2200241 ib4500
003 - CONTROL NUMBER IDENTIFIER
control field SA-RiAUC
005 - DATE AND TIME OF LATEST TRANSACTION
control field 20260306134455.0
008 - FIXED-LENGTH DATA ELEMENTS--GENERAL INFORMATION
fixed length control field 260301s1979 ua g 000f0 ara c
040 ## - CATALOGING SOURCE
Original cataloging agency SA-JeALM
Language of cataloging ara
Transcribing agency SA-RiAUC
Description conventions rda
082 04 - DEWEY DECIMAL CLASSIFICATION NUMBER
Classification number 227.6
090 ## - LOCALLY ASSIGNED LC-TYPE CALL NUMBER (OCLC); LOCAL CALL NUMBER (RLIN)
Classification number (OCLC) (R) ; Classification number, CALL (RLIN) (NR) 227.6
Local cutter number (OCLC) ; Book number/undivided call number, CALL (RLIN) ر م ض
100 1# - MAIN ENTRY--PERSONAL NAME
Personal name رمضاني، عبدالمالك بن أحمد
Relator term مؤلف.
245 10 - TITLE STATEMENT
Title مقاصد سورة البقرة /
Statement of responsibility, etc. عبدالمالك بن أحمد رمضاني
250 ## - EDITION STATEMENT
Edition statement الطبعة الثانية.
264 ## - PRODUCTION, PUBLICATION, DISTRIBUTION, MANUFACTURE, AND COPYRIGHT NOTICE
Place of production, publication, distribution, manufacture المدينة المنورة :
Name of producer, publisher, distributor, manufacturer عبدالمالك بن أحمد رمضاني.
Date of production, publication, distribution, manufacture, or copyright notice 2007
300 ## - PHYSICAL DESCRIPTION
Extent 144 صفحة.
Dimensions 16 سم.
336 ## - CONTENT TYPE
Content type term نص
Content type code txt
Source rdacontent
Materials specified كتاب
337 ## - MEDIA TYPE
Media type term بدون وسيط
Media type code n
Source rdamedia
630 27 - SUBJECT ADDED ENTRY--UNIFORM TITLE
Uniform title القرآن.
Name of part/section of a work سورة البقرة
Form subdivision مقالات ومحاضرات
General subdivision تفاسير حديثة
Source of heading or term aucut
730 2# - ADDED ENTRY--UNIFORM TITLE
Uniform title القرآن.
942 ## - ADDED ENTRY ELEMENTS (KOHA)
Source of classification or shelving scheme Dewey Decimal Classification
Koha item type Books
Suppress in OPAC No
949 ## - LOCAL PROCESSING INFORMATION (OCLC)
a SA-JeALM
d 260301
u osman123
n 1
Holdings
Withdrawn status Lost status Source of classification or shelving scheme Damaged status Not for loan Home library Current library Date acquired Total checkouts Full call number Barcode Date last seen Price effective from Koha item type
    Dewey Decimal Classification     DR AbdElwahab Library DR AbdElwahab Library 03/06/2026   227.6 ر م ض 000022958 03/06/2026 03/06/2026 Books